[Event "Berkshire Berks & Bucks op-C"]
[Site "Berkshire"]
[Date "2023.08.27"]
[Round "4"]
[White "Krylov, Yury"]
[Black "Chojnacki, Kevin"]
[Result "1-0"]
[WhiteElo "1543"]
[BlackElo "1419"]
[PlyCount "35"]
[EventDate "2023.08.26"]
[EventType "swiss"]
[EventRounds "6"]
[EventCountry "ENG"]
[SourceTitle "CBM 216 Extra"]
[Source "ChessBase"]
[SourceDate "2023.11.30"]
[SourceVersion "1"]
[SourceVersionDate "2023.11.30"]
[SourceQuality "1"]

1. e4 d6 2. d4 Nf6 3. Nc3 g6 4. Bg5 Bg7 5. e5 Nfd7 6. Nf3 h6 7. Bf4 g5 8. Bg3 f5 9. exf6 Nxf6 10. Qd3 0-0 11. 0-0-0 Ng4 12. h3 Bf5 13. Qc4+ Kh8 14. hxg4 Bxg4 15. Be2 Bxf3 16. Bxf3 c6 17. Qd3 Kg8 18. Bg4 1-0

[Event "Berkshire Berks & Bucks op-C"]
[Site "Berkshire"]
[Date "2023.08.26"]
[Round "2"]
[White "Carter, Lance G"]
[Black "Krylov, Yury"]
[Result "0-1"]
[WhiteElo "1506"]
[BlackElo "1543"]
[PlyCount "132"]
[EventDate "2023.08.26"]
[EventType "swiss"]
[EventRounds "6"]
[EventCountry "ENG"]
[SourceTitle "CBM 216 Extra"]
[Source "ChessBase"]
[SourceDate "2023.11.30"]
[SourceVersion "1"]
[SourceVersionDate "2023.11.30"]
[SourceQuality "1"]

1. d4 c6 2. c4 d5 3. cxd5 cxd5 4. Nc3 Nf6 5. Nf3 Bg4 6. Qb3 Bxf3 7. gxf3 Qd7 8. Bf4 a6 9. e3 Nc6 10. Na4 Ra7 11. Nc5 Qc8 12. Qb6 Nd7 13. Nxd7 Qxd7 14. Be2 e6 15. 0-0 Bd6 16. Bg3 0-0 17. Rac1 Raa8 18. Bxd6 Qxd6 19. Qxb7 Ne7 20. Qc7 Nf5 21. Qxd6 Nxd6 22. Rc6 Nf5 23. Rfc1 a5 24. Kf1 g6 25. R1c5 Rfb8 26. Rb5 Rxb5 27. Bxb5 Rb8 28. a4 Ra8 29. Ke2 Kf8 30. Kd3 Ne7 31. Rc5 Ra7 32. e4 h6 33. Ke3 Kg7 34. b3 Kf8 35. Kf4 f6 36. Kg4 Kf7 37. Bd3 Ke8 38. Kf4 Kd7 39. Bb5+ Kd6 40. Rc1 e5+ 41. Ke3 Rc7 42. Rxc7 Kxc7 43. dxe5 fxe5 44. Be8 d4+ 45. Kd3 Kb6 46. f4 Kc5 47. fxe5 g5 48. e6 Nc8 49. Bb5 Ne7 50. Bc4 Ng6 51. Kd2 Kd6 52. Kd3 Kc5 53. Bb5 Nf4+ 54. Kc2 Nxe6 55. Bc4 Nf4 56. e5 Ng6 57. e6 Ne7 58. Kd3 Nc6 59. Ke4 Kd6 60. Kf5 Ke7 61. Kg6 Ne5+ 62. Kxh6 Nxc4 63. bxc4 d3 64. Kxg5 d2 65. h4 d1Q 66. h5 Kxe6 0-1